000 01297nam a2200217Ia 4500
001 10797
003 GE_BSU
008 181216s||||||||xx |||||||||||||| ||und||
040 _cGE_BSU
080 _a821.353.1-1
245 _aქართველი მწერლები შოთა რუსთაველს.
245 _cრედ.კანდიდ ჩარკვიანი,პავლე ინგოროყვა,სიმონ ჩიქოვანი; მხატვრობა თავფურცლებისა,თავსამკაულები და ბოლოსამკაულები შესრულებულია მე-12-13 საუკუნეთა მხატვრის მიქელ კორეშის მინიატურების მიხედვით ლადო გუდიაშვილის მიერ.
260 _aთბილისი.
260 _bფედერაცია.
260 _c1937.
300 _a306გვ;25სმ.
300 _eილ.
520 _aდამატ.თავფურც.რუსულ და ფრანგულ ენებზე.
653 _aქართველი მწერლები შოთა რუსთაველს.
942 _cBK
999 _c44045
_d44045